Josman - Statistiques

Statistiques générales
  • Ce quiz a été pris 241 fois
  • Le résultat moyen est 9 sur 25
Statistiques - réponses
Hint Réponse % Correct
Nom de scène Josman
98%
Un autre surnom de Josman Jos
93%
Musique avec le plus de streams J'aime bien!
67%
Prénom José
64%
Origine Congolais Angolais
51%
Nom de son beatmaker Eazy Dew
51%
Quel son en a t'il fait son COLORS ? V&V
38%
Quatrième album avec l'année J.O.$
34%
Premier album avec l'année Echecs Positifs
33%
Sixième album avec l'année M.A.N ( Black Roses & Lost Feelings)
33%
Deuxième album avec l'année Matrix
33%
Avec qui a t-il fait l'unique feat de cette EP ? Tayc
33%
Lieu de naissance Vierzon
33%
Clip le plus vu sur Youtube Dans le vide
31%
Cinquième album avec l'année SPLIT
31%
Troisième album avec l'année 000$
28%
Deuxième EP avec l'année HHHH
25%
Septième album avec l'année J.000.$
25%
Première EP avec l'année MYSTR J.O.$
23%
Nom Nzengo
22%
La musique qu'il aime le plus sur le septième album Apple Pay
19%
Date de naissance 28 octobre 1992
18%
Quels sont les 2 bonus du sixième album ? ANELKA MOONROCK
17%
Nom de son petit frère MYSTR
17%
Signification du nom de la deuxième EP Hurt Heart Hard to Heal
8%
Aucun quiz correspondant
Distribution des résultats
% des personnes avec chaque résultat
Percentile par nombre de réponses
Votre historique - résultats
Vous n’avez pas pris ce quiz